| 000 | 01085 a2200241 4500 | ||
|---|---|---|---|
| 003 | Nust | ||
| 005 | 20221228090829.0 | ||
| 010 | _a 80012322 | ||
| 020 | _a0891410430 : | ||
| 040 | _cNust | ||
| 082 | 0 | 0 | _a355.02,ADA |
| 100 | 1 |
_aAdan, Avraham, _9106149 |
|
| 245 | 1 | 0 |
_aOn the banks of the Suez : _ban Israeli general's personal account of the Yom Kippur War / _cAvraham (Bren) Adan. |
| 260 |
_aSan Rafael, Calif. : _bPresidio Press, _cc1980. |
||
| 300 |
_axii, 479 p. : _bill. ; _c24 cm. |
||
| 505 | _aPart 1:- Taken by Surprise (Page-1), Part 2:- Failure of the Counterattack (Page-89), Part 3:- Building up Strength (Page-165), Part 4:- The Canal Crossing (Page-185), Part 5:- Encricling the third Army (Page-343), Part 6:- Cease fire to Disengement (Page-439). | ||
| 600 | 1 | 0 |
_aAdan, Avraham, _d1926- _9106150 |
| 650 | 0 |
_aGenerals _zIsrael _xBiography. _9106151 |
|
| 650 | 0 |
_aIsrael-Arab War, 1973 _xPersonal narratives, Israeli. _9106152 |
|
| 650 | 0 |
_aIsrael-Arab War, 1973 _zEgypt. _9106153 |
|
| 651 | 0 |
_aIsrael _xArmed Forces _xBiography. _9106154 |
|
| 942 |
_2ddc _cBK _k355.02,ADA |
||
| 999 |
_c185155 _d185155 |
||